000 00755nam a22002535a 4500
008 090209t2007 n ||||frb||| 001 0 eng d
020 _a9780415400565
020 _a9780415946619
020 _a9780415400572 (pbk. : alk. paper)
040 _aEG-ScBuE
_beng
_cEG-ScBuE
082 0 4 _a339.02468
_bRUT
_222
100 1 _aRutherford, Donald.
_92054
245 1 0 _aMacroeconomics for managers /
_cDonald Rutherford.
260 _aNew York ;
_bRoutledge,
_cc.2007
300 _ax, 252 p. ;
_c20cm.
500 _aIncludes Index.
504 _aBibliography : p. 224-240.
590 _ayassmeen ashraf
650 0 _aManagerial economics.
_2BUEsh
650 0 _aMacroeconomics.
_2BUEsh
651 _2BUEsh
653 _bBUSECO
_cAugust2015
942 _cBB
_2ddc
999 _c10769
_d10769